<?xml version="1.0" encoding="UTF-8"?>
<record
    xmlns:xsi="http://www.w3.org/2001/XMLSchema-instance"
    xsi:schemaLocation="http://www.loc.gov/MARC21/slim http://www.loc.gov/standards/marcxml/schema/MARC21slim.xsd"
    xmlns="http://www.loc.gov/MARC21/slim">

  <leader>01964nam a2200181   4500</leader>
  <datafield tag="999" ind1=" " ind2=" ">
    <subfield code="c">509486</subfield>
    <subfield code="d">509486</subfield>
  </datafield>
  <controlfield tag="008">190510b           ||||| |||| 00| 0 eng d</controlfield>
  <datafield tag="100" ind1=" " ind2=" ">
    <subfield code="a">Thomas, John Clayton </subfield>
    <subfield code="9">5354</subfield>
  </datafield>
  <datafield tag="245" ind1=" " ind2=" ">
    <subfield code="a">How do legislators assess administrative performance? Georgia's Department of transportation in the eyes of the state's legislators </subfield>
  </datafield>
  <datafield tag="260" ind1=" " ind2=" ">
    <subfield code="c">2018</subfield>
  </datafield>
  <datafield tag="300" ind1=" " ind2=" ">
    <subfield code="a">p.822-835.</subfield>
  </datafield>
  <datafield tag="520" ind1=" " ind2=" ">
    <subfield code="a">State legislatures and their member legislators serve as important overseers to state administrative departments, charged to function as principals relative to departmental agents. Yet, we know relatively little about how legislators assess the performance of those departments. This research is designed to improve that knowledge through an exploratory analysis of how and why legislators in one state assess the performance of a large state government department. Using data from a survey of Georgia state legislators, the article explores legislator evaluations of the state&#x2019;s Department of Transportation (GDOT) and the factors that may underlie those evaluations. The findings suggest that legislators assess administrative performance on three principal dimensions: (a) administrative service to individual legislators, (b) assistance to the legislature as a whole, and (c) performance in meeting the state&#x2019;s transportation needs. Those assessments appear to be shaped by legislator perceptions of (a) personal interactions with the department and (b) the quality of specific GDOT products and services. These and earlier findings suggest that the focus of public performance measurement systems might be broadened to include measures of personal treatment by administrative agencies in addition to traditional objective service outcome measures. - Reproduced.</subfield>
  </datafield>
  <datafield tag="650" ind1=" " ind2=" ">
    <subfield code="a">Performance appraisal</subfield>
    <subfield code="9">5355</subfield>
  </datafield>
  <datafield tag="700" ind1=" " ind2=" ">
    <subfield code="a">Su, Min</subfield>
    <subfield code="9">5356</subfield>
  </datafield>
  <datafield tag="700" ind1=" " ind2=" ">
    <subfield code="a">Poister, Theodore H.</subfield>
    <subfield code="9">5357</subfield>
  </datafield>
  <datafield tag="773" ind1=" " ind2=" ">
    <subfield code="a">American Review of Public Administration</subfield>
  </datafield>
  <datafield tag="906" ind1=" " ind2=" ">
    <subfield code="a">Legislators</subfield>
  </datafield>
  <datafield tag="942" ind1=" " ind2=" ">
    <subfield code="2">ddc</subfield>
    <subfield code="c">AR</subfield>
  </datafield>
  <datafield tag="952" ind1=" " ind2=" ">
    <subfield code="0">0</subfield>
    <subfield code="1">0</subfield>
    <subfield code="2">ddc</subfield>
    <subfield code="4">0</subfield>
    <subfield code="7">0</subfield>
    <subfield code="9">383428</subfield>
    <subfield code="a">IIPA</subfield>
    <subfield code="b">IIPA</subfield>
    <subfield code="d">2019-05-10</subfield>
    <subfield code="h">48(8), Nov, 2018: p.822-835.</subfield>
    <subfield code="p">AR119657</subfield>
    <subfield code="r">2019-05-10</subfield>
    <subfield code="y">AR</subfield>
  </datafield>
</record>
